00341nam a2200121Ia 4500008004000000082001500040100002700055245005200082260004800134300001200182440000600194650001900200210210b1980 xxu||||| |||| 00| 0 eng d a581.9 DASF aDASSANNYAKE (M D), Ed. aFlora of Ceylon, A revised Handbook to the. V1. aNew DelhibOxford & IBH Publishing Coc1980 avii,508 a1 aFlora Ceylon